| 000 | 00690nam a22002057a 4500 | ||
|---|---|---|---|
| 999 |
_c17363 _d17363 |
||
| 003 | AR-CdUCM | ||
| 008 | 190508b ||||| |||| 00| 0 spa d | ||
| 040 |
_aMUNICIPALIDAD PROVINCIAL DEL CUSCO _cBIBLIOTECA MUNICIPAL DEL CUSCO |
||
| 082 |
_a869.56 / _bF63 |
||
| 100 |
_aFlorián, Mario _914609 |
||
| 245 | _aAntología poética / | ||
| 260 |
_aLima : _bCasa de la Cultura del Perú, _c1969. |
||
| 300 |
_a85 paginas ; _c17 cm. |
||
| 505 | _aContenido :Tono de fauna --Noval --Urpi --Tierras del sol --Arte mural --El juglar andinista ... | ||
| 650 |
_aLiteratura peruana _9169 |
||
| 650 |
_aPoesias _92556 |
||
| 650 |
_aSiglo XX _98 |
||
| 942 |
_2ddc _cLIBROS |
||
| 945 |
_arjall _d2019-05-08 |
||